PRODUCTIVITY strategies in the changing times : achievements and future agenda

Bibliographic Details
Corporate Author: Asian Productivity Organization
Format: Book
Published: Tokyo : Asian Productivity Organization , 1997
Series:Productivity series ; no. 27
Subjects:

MARC

LEADER 00000cam a2200000 7i4500
001 0000001804
005 20011208.0
020 0 0 |a 9283317173 
090 0 0 |a 658.51   |b PRO 1997 
245 0 0 |a PRODUCTIVITY strategies in the changing times : achievements and future agenda 
260 0 0 |a Tokyo :   |b Asian Productivity Organization ,   |c 1997 
300 |a iv, 157 p. :   |b ill. ;   |c 22 cm. 
440 0 0 |a Productivity series ; no. 27 
650 0 0 |a Industrial productivity   |z Asia   |x Case studies 
710 1 1 |a Asian Productivity Organization 
998 |a JPSM 
999 |a 0000002828   |b Monograph   |c Open Shelf   |e Default branch